[Event "28th WSCC Open 50 2018"]
[Site "Bled"]
[Date "2018.11.29"]
[Round "11"]
[White "Stentebjerg-Hansen, Per"]
[Black "Porper, Edward"]
[Result "0-1"]
[WhiteElo "2219"]
[BlackElo "2377"]
[Annotator "TA"]
[PlyCount "44"]
[EventDate "2018.11.17"]
[EventType "swiss"]
[EventCountry "SLO"]
[SourceTitle "playchess.com"]
[Source "ChessBase"]
[SourceQuality "1"]

{[%evp 11,44,-9,8,0,10,-25,-25,-50,-56,-93,-85,-130,-118,-160,-142,-211,-196,-199,-211,-305,-295,-345,-360,-344,-320,-431,-439,-480,-402,-420,-389,-475,-426,-675,-671]} 1. d4 Nf6 2. Nc3 d5 3. Bg5 c6 4. e3 Nbd7 5. Nf3 Qa5 6. Nd2 {D01: Veresov Opening} g6 {LiveBook: 3 Games} (6... Ne4 7. Ncxe4 dxe4 8. Bh4 g5 9. Bg3 h5 10. h4 g4 11. c3 Nf6 12. Be5 Bf5 13. Qc2 Bg6 14. Bxf6 exf6 15. Nxe4 {1-0 (32) Voloshin,L (2383)-Moeller,D (2140) Kiel 2018}) 7. Be2 Bg7 8. Bf4 $146 {The position is equal.} ({Predecessor:} 8. O-O O-O 9. Bf4 Re8 10. Nb3 Qd8 11. h3 e5 12. dxe5 Nxe5 13. Nd4 Qe7 {0-1 (57) Nickl,K (2101)-Burchardt,B (2201) Dresden 2013}) 8... O-O 9. h4 h5 {[%cal Bh7h5,Bh5g4,Bg4g3,Bg3f2][%mdl 32]} 10. Kf1 Re8 11. e4 Nxe4 12. Nb3 Nxc3 13. bxc3 (13. Nxa5 $17 Nxd1 14. Rxd1) 13... Qd8 $19 ({And not} 13... Qxc3 14. Bd2 $11) 14. g4 hxg4 15. h5 (15. Bxg4 $142 Nf6 16. Bf3) 15... e5 16. dxe5 g5 17. h6 Bxe5 (17... gxf4 $2 18. hxg7 Nxe5 19. Qd4 $17) 18. h7+ Kh8 19. Be3 g3 20. Nd4 gxf2 21. Qd2 Nf6 22. Bxg5 (22. Bf3 $142 g4 23. Bh6) 22... Ne4 {[%mdl 64] Double Attack, Discovered Attack (Double check). Accuracy: White = 25%, Black = 79%.} 0-1

[Event "28th WSCC Open 50 2018"]
[Site "Bled"]
[Date "2018.11.29"]
[Round "11"]
[White "Kolesar, Milan"]
[Black "Metz, Hartmut"]
[Result "1/2-1/2"]
[WhiteElo "2198"]
[BlackElo "2296"]
[Annotator "TA"]
[PlyCount "99"]
[EventDate "2018.11.17"]
[EventType "swiss"]
[EventCountry "SLO"]
[SourceTitle "playchess.com"]
[Source "ChessBase"]
[SourceQuality "1"]

{[%evp 20,99,0,0,38,0,54,29,40,0,0,22,4,0,0,-44,-45,-56,-77,-77,-64,-70,-56,-55,-37,-37,-33,-59,-59,-42,-47,-62,-63,-88,-88,-90,-94,-118,-6,-6,-6,-6,0,0,0,0,0,0,0,0,0,0,8,22,38,0,0,0,0,0,0,0,0,0,0,0,0,0,0,0,0,0,0,0,0,0,0,0,0,0,0,0]} 1. Nf3 c6 2. c4 d5 3. cxd5 cxd5 4. d4 Nf6 5. Nc3 Nc6 6. Bf4 Bf5 7. e3 e6 8. Qb3 Bb4 9. Bb5 O-O 10. Bxc6 Bxc3+ 11. Qxc3 {LiveBook: 89 Games} bxc6 {D14: Slav Defence: Exchange variation with ...Bf5} (11... Rc8 12. Ne5 Ng4 {½-½ (12) Wen,Y (2611)-Le,Q (2718) Tashkent 2016}) 12. O-O Qb6 (12... Ne4 $1 $11 13. Qxc6 Rc8) 13. Rfc1 Ne4 $146 {White has an edge.} ({Predecessor:} 13... Rfc8 14. Ne5 Ne4 15. Qa3 f6 16. Nd7 Qb7 17. Nc5 Nxc5 18. Rxc5 a5 19. Rac1 Qb4 20. Qc3 Ra6 21. a3 Qxc3 22. R1xc3 Kf8 23. b4 axb4 24. axb4 Rb6 {½-½ (24) Avery,B (1751)-Crevani,M (1929) ICCF email 2015}) 14. Qb3 c5 15. dxc5 Nxc5 16. Qxb6 axb6 17. Bc7 Nd3 18. Rc3 Nxb2 19. Bxb6 Nc4 20. Bc7 Ra7 21. Bg3 f6 22. Nd4 Rfa8 23. f3 Ra3 24. Rxa3 Rxa3 25. Nxf5 exf5 $15 {[%mdl 4096] Endgame KRB-KRN} 26. Bf2 Kf7 ({Much weaker is} 26... Nxe3 27. Bxe3 Rxe3 28. a4 $11) 27. h3 h5 28. Kf1 Nxe3+ ({Better is} 28... Ke6 $17 29. Ke2 g6) 29. Bxe3 $11 Rxe3 $17 {KR-KR} 30. a4 $1 Re6 31. a5 Ra6 32. Ke2 Ke6 33. Kd3 Kd6 34. Kd4 f4 35. h4 g6 36. Ra2 g5 37. hxg5 fxg5 {The position is equal.} 38. Ra1 g4 39. fxg4 hxg4 40. Ra3 Ke6 41. Ra2 f3 42. gxf3 gxf3 43. Ke3 Ke5 44. Ra4 Kd6 45. Kxf3 Kc5 46. Ke3 Kb5 47. Ra1 Rxa5 48. Rxa5+ Kxa5 49. Kd4 Kb5 50. Kxd5 {Accuracy: White = 74%, Black = 56%.} 1/2-1/2

[Event "28th WSCC Open 50 2018"]
[Site "Bled"]
[Date "2018.11.29"]
[Round "11"]
[White "Biro, Sandor"]
[Black "Berend, Fred"]
[Result "1-0"]
[WhiteElo "2191"]
[BlackElo "2369"]
[Annotator "NA RC"]
[PlyCount "100"]
[EventDate "2018.11.17"]
[EventType "swiss"]
[EventCountry "SLO"]
[SourceTitle "playchess.com"]
[Source "ChessBase"]
[SourceQuality "1"]
[TimeControl "40/5400+30:1800+30"]

1. e4 c5 2. Nf3 e6 3. c3 Nf6 4. e5 Nd5 5. d4 cxd4 6. cxd4 b6 7. Nc3 Nxc3 8. bxc3 Qc7 9. Bd2 Be7 10. Bd3 Ba6 11. c4 {B22: Sicilian: 2 c3} (11. Bxa6 Nxa6 12. Qe2 Nb8 13. c4 Qb7 14. O-O O-O 15. a4 d6 16. Bb4 dxe5 17. Bxe7 Qxe7 18. Nxe5 Nd7 19. a5 Nxe5 20. Qxe5 {½-½ (99) Smerdon,D (2525)-Dominguez Perez,L (2719) Khanty-Mansiysk 2009}) 11... Bxc4 12. Rc1 b5 13. O-O O-O {[#]} 14. Re1 $146 ({Predecessor:} 14. Ng5 $1 $16 Bxg5 15. Bxg5 f5 16. exf6 gxf6 17. Bxh7+ Kf7 18. Qh5+ Ke7 {½-½ (48) Adnoy,H (2185)-Gabrielsen,S (2286) Gausdal 2001}) 14... Nc6 15. Bxc4 bxc4 16. Rxc4 d5 (16... Rfb8 $11) 17. exd6 $1 Qxd6 18. Qc2 Rac8 19. Rc1 Nb4 20. Qa4 Rxc4 21. Rxc4 Nd5 22. Qxa7 Rb8 23. g3 Qd8 24. a4 Ra8 25. Qb7 Rb8 26. Qc6 h6 27. a5 g5 28. Ne5 Rb2 29. Rc2 Rb1+ 30. Kg2 Kg7 31. Qc8 Ra1 32. Qxd8 Bxd8 33. Nc6 Bf6 34. Rb2 Ra4 35. Rb5 Ra2 36. Bc1 Ra4 37. Bb2 g4 38. Nb8 Bd8 39. Nc6 Bc7 40. Bc1 h5 41. h3 Bd6 42. Bb2 Kg6 $11 43. hxg4 hxg4 44. Nd8 Bc7 45. Nb7 Ra2 46. Kf1 Bb8 47. Ke1 Ba7 48. Nd8 Ra4 49. Nc6 Rc4 50. Nxa7 Rc7 1-0